| 000 | 00332nam a2200121Ia 4500 | ||
|---|---|---|---|
| 008 | 220204s9999 xx 000 0 und d | ||
| 082 |
_a301 _bDUB |
||
| 100 | _aDubey, S N | ||
| 245 | 0 | _aStructure and process of decision making in panchayati Raj institutions | |
| 260 |
_aBombay _bSomaiya _c1976 |
||
| 700 | _aMurdia, R | ||
| 942 | _cBK | ||
| 999 |
_c31121 _d31121 |
||